LEADER 00754nam0-22002891i-450- 001 990007546460403321 005 20070110114109.0 035 $a000754646 035 $aFED01000754646 035 $a(Aleph)000754646FED01 035 $a000754646 100 $a20030814d1957----km-y0itay50------ba 101 0 $aeng 102 $aNO 105 $aa-------000yy 200 1 $aBergen today$ean illustrated Survey$fchief editor Erling Lauhn 210 $aBergen$cCammermeyers$d1957 215 $a259 p.$cill.$d24 cm 610 0 $aNorvegia 610 0 $aBergen 801 0$aIT$bUNINA$gRICA$2UNIMARC 901 $aBK 912 $a990007546460403321 952 $aH-02-152$bI.G. 7041$fILFGE 959 $aILFGE 996 $aBergen today$9685936 997 $aUNINA